| 000 | 00581nam a2200193 a 4500 | ||
|---|---|---|---|
| 001 | 000022240 | ||
| 005 | 20200930011639.0 | ||
| 008 | 100920s1990 sp r 000 0 spa d | ||
| 020 | _a842641953x | ||
| 040 |
_aDO-SdBNP _bspa _cBNPHU |
||
| 082 |
_a863.64 _bT873a, 1990 |
||
| 100 | 1 |
_aTusquets, Esther _945986 |
|
| 245 | 1 | 3 |
_aEl amor es un juego solitario : _bpremio ciudad de Barcelona 1979 / _cEsther Tusquets;. |
| 250 | _a6a ed. | ||
| 260 |
_aBarcelona : _bLumen, _c1990. |
||
| 300 |
_a150 p. ; _c19 cm. |
||
| 650 | 4 |
_aNovela espaƱola _91123 |
|
| 650 | 4 |
_aLiteratura espaƱola _9632 |
|
| 999 |
_c21738 _d21738 |
||